• 首页
  • 本馆介绍
  • 公告通知
  • 最新文献
  • 馆藏检索
  • 电子资源
  • 读者导购
  • 参考咨询
  • 我的图书馆
  • 登录
  • 详细信息显示
  • 放入我的书架
  • 预约/预借图书
  • 作者相关作品
  • 分类相关作品
  • 丛书相关作品
  • 出版社相关作品

书目信息

  • 表格格式
  • 工作单格式
  • 卡片格式
题名:
无器械力量训练彩色图谱
    
 
作者: 赛哈斯 著 ;汤璐 译
分册:  
出版信息: 北京   人民邮电出版社  2022.09
页数: 151页
开本: 26cm
丛书名:
单 册:
中图分类: G808.14-64
科图分类:
主题词: 力量训练--图谱
电子资源:
ISBN: 978-7-115-55080-4
000 01174nam0 2200265 450
001 012001003430
005 20141205094908.0
010    @a978-7-115-55080-4@dCNY59.00
100    @a20220905d2021 em y0chiy50 ea
101 1  @achi@cspa
102    @aCN@b110000
105    @aa z 000yy
106    @ar
200 1  @a无器械力量训练彩色图谱@Awu qi xie li liang xun lian cai se tu pu@d= Anatomia & musculacion sin aparatos@f(西)吉耶尔莫·赛哈斯(Guillermo Seijas)著@g汤璐译@zspa
210    @a北京@c人民邮电出版社@d2022.09
215    @a151页@c彩图@d26cm
300    @a悦动空间
330    @a本书共包括50个涉及胸部、背部、肩部、手臂、腹部、臀部和腿部的基本训练动作。针对每一个训练动作都用图示的方式进行展示,并详细介绍了重点锻炼的身体部位、准备姿势、肌肉强度等,尤其是为不同水平的训练者所设计的简易版变式和进阶版变式。在最后部分,还给出了分别适合初级训练者、中级训练者和高级训练者的训练方案。
510 1  @aAnatomia & musculacion sin aparatos@zspa
606 0  @a力量训练@j图谱
690    @aG808.14-64@v5
701  0 @c(西)@a赛哈斯@Asai ha si@c(Seijas, Guillermo)@4著
702  0 @a汤璐@Atang lu@4译
801  0 @aCN@bAHXH@c20221111
905    @b1377781-3@dG808.14-64@e2078@f3
    
    无器械力量训练彩色图谱= Anatomia & musculacion sin aparatos/(西)吉耶尔莫·赛哈斯(Guillermo Seijas)著/汤璐译.-北京:人民邮电出版社,2022.09
    151页:彩图;26cm
    悦动空间
    
    ISBN 978-7-115-55080-4:CNY59.00
    本书共包括50个涉及胸部、背部、肩部、手臂、腹部、臀部和腿部的基本训练动作。针对每一个训练动作都用图示的方式进行展示,并详细介绍了重点锻炼的身体部位、准备姿势、肌肉强度等,尤其是为不同水平的训练者所设计的简易版变式和进阶版变式。在最后部分,还给出了分别适合初级训练者、中级训练者和高级训练者的训练方案。
●
相关链接 在E读中查询图书 在五车中查询图书 在当当中查询图书 在豆瓣中查询图书


正题名:无器械力量训练彩色图谱     索取号:G808.14-64/2078         预约/预借

序号 登录号 条形码 馆藏地/架位号 状态 备注
1 1377781   213777812   第一样本阅览室/ [索取号:G808.14-64/2078] 在馆    
2 1377782   213777821   第四借阅区/ [索取号:G808.14-64/2078] 在馆    
3 1377783   213777830   第四借阅区/ [索取号:G808.14-64/2078] 在馆    
唐山师范学院图书馆 欢迎您!
大连网信软件有限公司© 版权所有